The History of John Graceless : in which the dangers to be apprehended from idleness are exemplified : with other interesting stories, calculated for the instruction and amusement of youth.

Bibliographic Details
Format: Microform Book
Language:English
Series:Opie collection of children's literature ; 007:050.
Subjects:

MARC

Tag First Indicator Second Indicator Subfields
LEADER 00000cam a2200000Ia 4500
001 in00002561449
005 20151201153900.0
007 hd bfv---baap
007 he amv---bacp
008 941102q18001899enka jb 000 1 eng d
035 |a (OCoLC)ocm31392951 
037 |a CL0021000007  |b University Microfilms International 
040 |a OPP  |c OPP  |d UtOrBLW 
049 |a UMIA 
090 |a PZ5  |b .O67 1990 no.007:050. 
245 0 4 |a The History of John Graceless :  |b in which the dangers to be apprehended from idleness are exemplified : with other interesting stories, calculated for the instruction and amusement of youth. 
264 3 |a London :  |b Printed and sold by J. Allen,  |c [between 1800 and 1899?] 
300 |a 31 pages :  |b illustrations 
336 |a text  |b txt  |2 rdacontent 
337 |a microform  |b h  |2 rdamedia 
338 |a microfiche  |b he  |2 rdacarrier 
500 |a Reproduction of original in the Bodleian Library. 
510 4 |a Opie  |c A 1336 
533 |a Microfiche.  |b Ann Arbor, Mich.  |c University Microfilms International,  |d 1993.  |e 1 microfiche.  |f (Opie collection of children's literature ; 007:050).  |7 s1993 miun b 
500 |a Microform. 
650 0 |a Conduct of life  |v Juvenile fiction. 
830 0 |a Opie collection of children's literature ;  |v 007:050. 
999 |a MARS 
999 f f |s 3a6aa309-f77a-35dc-82eb-a6a6a744966a  |i a37624f2-6f2f-3b22-a430-a02590b8ef2c  |t 0 
952 f f |a Texas A&M University  |b College Station  |c Sterling C. Evans Library  |d Evans: Microforms Fiche (3rd floor)  |t 0  |e PZ5 .O67 1990 no.007:050.  |h Library of Congress classification 
998 f f |a PZ5 .O67 1990 no.007:050.  |t 0  |l Evans: Microforms Fiche (3rd floor)